[Event "Sharjah op blitz"]
[Site "Sharjah"]
[Date "2014.07.09"]
[Round "6"]
[White "Ammar, Sedrani"]
[Black "Magdy, Kassem"]
[Result "0-1"]
[WhiteElo "1564"]
[BlackElo "1920"]
[PlyCount "114"]
[EventDate "2014.07.09"]
[EventType "swiss (blitz)"]
[EventRounds "9"]
[EventCountry "UAE"]
[SourceTitle "EXT 2016"]
[Source "ChessBase"]
[SourceDate "2015.10.08"]
[SourceVersion "1"]
[SourceVersionDate "2015.10.08"]
[SourceQuality "1"]

1. d4 Nf6 2. Nf3 g6 3. c4 c5 4. d5 Bg7 5. Nc3 0-0 6. e4 d6 7. Be2 Na6 8. a3 Nc7 9. Bg5 h6 10. Bxf6 Bxf6 11. h4 a6 12. Qc2 Rb8 13. Qd2 Bg7 14. h5 g5 15. b4 cxb4 16. axb4 b5 17. c5 dxc5 18. bxc5 b4 19. Na4 Bxa1 20. Nb6 Bc3 21. Qxc3 bxc3 22. Kd1 Nb5 23. Kc2 Rxb6 24. cxb6 Qxb6 25. Bxb5 Qxb5 26. Kxc3 Bg4 27. Nd4 Rc8+ 28. Nc6 Rxc6+ 29. dxc6 Qxc6+ 30. Kd3 Qd6+ 31. Ke3 Qf4+ 32. Kd3 Qxf2 33. Rc1 Qxg2 34. Rc2 Qxc2+ 35. Kxc2 Bxh5 36. Kb3 e5 37. Ka4 Bf3 38. Ka5 Bxe4 39. Kxa6 f5 40. Kb5 Kf7 41. Kc4 Ke6 42. Kc3 Kd5 43. Kd2 Kd4 44. Ke2 h5 45. Kf2 h4 46. Kg1 g4 47. Kh2 f4 48. Kg1 Bf3 49. Kf2 Ke4 50. Kf1 Ke3 51. Ke1 Bg2 52. Kd1 Kd3 53. Ke1 g3 54. Kd1 h3 55. Kc1 Kc3 56. Kd1 f3 57. Ke1 h2 0-1

[Event "Sharjah op blitz"]
[Site "Sharjah"]
[Date "2014.07.09"]
[Round "8"]
[White "Magdy, Kassem"]
[Black "Majed Ali, Abdouli"]
[Result "1-0"]
[WhiteElo "1920"]
[BlackElo "1606"]
[PlyCount "51"]
[EventDate "2014.07.09"]
[EventType "swiss (blitz)"]
[EventRounds "9"]
[EventCountry "UAE"]
[SourceTitle "EXT 2016"]
[Source "ChessBase"]
[SourceDate "2015.10.08"]
[SourceVersion "1"]
[SourceVersionDate "2015.10.08"]
[SourceQuality "1"]

1. e4 e6 2. d3 d5 3. Nd2 Nf6 4. Ngf3 c5 5. g3 Nc6 6. Bg2 Be7 7. 0-0 0-0 8. e5 Nd7 9. Re1 Qc7 10. Qe2 a6 11. Nf1 b5 12. Bf4 Bb7 13. h4 c4 14. d4 b4 15. N1h2 Qb6 16. Red1 b3 17. axb3 cxb3 18. c3 Na5 19. Ng5 h6 20. Qh5 Nc4 21. Ng4 hxg5 22. hxg5 Nxb2 23. Nf6+ Nxf6 24. gxf6 gxf6 25. Bh6 Rfe8 26. Qg4+ 1-0

[Event "Sharjah op rapid"]
[Site "Sharjah"]
[Date "2014.07.07"]
[Round "6"]
[White "Altaher, Saeed Tarek"]
[Black "Magdy, Kassem"]
[Result "0-1"]
[WhiteElo "1551"]
[BlackElo "1887"]
[PlyCount "68"]
[EventDate "2014.07.05"]
[EventType "swiss (rapid)"]
[EventRounds "9"]
[EventCountry "UAE"]
[SourceTitle "CBM 161 Extra"]
[Source "ChessBase"]
[SourceDate "2014.08.29"]
[SourceVersion "1"]
[SourceVersionDate "2014.08.29"]
[SourceQuality "1"]

1. e4 e5 2. Nf3 d6 3. Bc4 Be7 4. 0-0 Nf6 5. Nc3 0-0 6. d4 exd4 7. Nxd4 Re8 8. Be3 Bf8 9. h3 c6 10. Qf3 Nbd7 11. Bf4 Ne5 12. Bxe5 dxe5 13. Nf5 Be6 14. Bb3 Qc7 15. Nh6+ Kh8 16. Ne2 a5 17. Ng3 a4 18. Bxe6 Rxe6 19. Nhf5 g6 20. Ne3 h5 21. Kh1 Qb6 22. Nc4 Qc5 23. b3 b5 24. Ne3 Bh6 25. bxa4 Rxa4 26. Rfd1 Bxe3 27. Qxe3 Qxe3 28. fxe3 h4 29. Nf1 Nxe4 30. Rd8+ Kg7 31. Nd2 Rd6 32. Rxd6 Nxd6 33. Nf3 Kf6 34. Nxh4 Rxh4 0-1

[Event "Sharjah op rapid"]
[Site "Sharjah"]
[Date "2014.07.07"]
[Round "5"]
[White "Magdy, Kassem"]
[Black "Tabada, Jobannie C"]
[Result "0-1"]
[WhiteElo "1887"]
[BlackElo "2259"]
[PlyCount "113"]
[EventDate "2014.07.05"]
[EventType "swiss (rapid)"]
[EventRounds "9"]
[EventCountry "UAE"]
[SourceTitle "CBM 161 Extra"]
[Source "ChessBase"]
[SourceDate "2014.08.29"]
[SourceVersion "1"]
[SourceVersionDate "2014.08.29"]
[SourceQuality "1"]

1. e4 c5 2. d3 Nc6 3. Nf3 e6 4. g3 d5 5. Nbd2 Nge7 6. Bg2 g6 7. 0-0 Bg7 8. Re1 0-0 9. c3 b6 10. Qa4 Bb7 11. Nf1 Qd7 12. Bf4 Rfd8 13. Rad1 Ne5 14. Qxd7 Nxf3+ 15. Bxf3 Rxd7 16. e5 Nc6 17. h4 h5 18. Nh2 Ne7 19. Bg2 Nf5 20. Nf3 Rc8 21. Ng5 Rcd8 22. Bh3 Ba6 23. Bxf5 gxf5 24. Nh3 d4 25. c4 Bb7 26. Bg5 Rb8 27. Rd2 Bf3 28. Kf1 b5 29. b3 bxc4 30. dxc4 a5 31. Ng1 Be4 32. f3 Bc6 33. Kf2 a4 34. bxa4 Ra7 35. Nh3 Rxa4 36. Nf4 Rxc4 37. Nxh5 Rc3 38. f4 Be4 39. Be7 Rf3+ 40. Kg1 Rc8 41. Rf1 Rd3 42. Rfd1 c4 43. Rxd3 Bxd3 44. Kf2 Ra8 45. a3 c3 46. Nxg7 c2 47. Rc1 Kxg7 48. Bc5 Rd8 49. Ke1 Kg6 50. Kd2 Be4 51. a4 Kh5 52. a5 Kg4 53. Rg1 d3 54. a6 Rc8 55. Be3 Kf3 56. Bd4 Rc4 57. Bb2 0-1